000 00323nam a2200133 i 4500
001 bg
245 0 _aĆwiczenia laboratoryjne z chemii ogólnej :
_bpraca zbiorowa.
260 _aGdańsk,
_c1978.
040 _cBPK
041 _apol
080 _a54(075.8)(076)
942 _cKS
008 s pl f |000 0 pol
999 _c17745
_d17745
856 _uhttp://koha.tu.koszalin.pl/cgi-bin/koha/opac-detail.pl?biblionumber=17745
_yKatalog online BPK